Culture Générale en 10 courtes vidéos #5 - Statistiques

Statistiques générales
  • Ce quiz a été pris 70 fois
  • Le résultat moyen est 3 sur 10
Statistiques - réponses
Vidéo Question Réponse % Correct
En 1952, vidéo à l'appui, quelle ville a été le théâtre de phénomènes d'ovnis ? Washington
67%
De quel pays viennent les joueurs qui font le haka dans cet extrait ? Tonga
65%
Comment s'appelle le stagiaire interprété par Greg Guillotin dans cette émission piègée ?(Le prénom ou nom de famille suffit) Louis Vignac
48%
Comment s'appelle le parachutiste et sauteur extrême autrichien qui a battu plusieurs records du monde dont, le 14 octobre 2012, celui du saut le plus haut (38 969,4 m), devenant le premier à dépasser le mur du son en chute libre à Mach 1,25 (1 357,6 km/h) ?(Le prénom ou nom de famille suffit) Felix Baumgartner
45%
A quelle actrice Christian Clavier donne t-il la réplique dans cet extrait du film Les Visiteurs (1993) ? (Le nom de famille suffit) Marie-Anne Chazel
42%
De quel film en 6 mots cette très courte vidéo est elle extraite ? Il faut sauver le soldat Ryan
22%
Dans le dessin animé Olive et Tom, les frères Derrick réalisent des prouesses techniques en Football. Dans cette extrait, la figure (en référence à l'antiquité) s'appelle la _________ infernale Catapulte
12%
Donne au moins un des 3 mots en anglais qui constitue le titre de la chanson de Lordi, gagnant de l'Eurovision en 2006 (performance en extrait) Hard Rock Hallelujah
10%
Dans le film Eyes Wide Shut (1999), quel est le mot de passe en 7 lettres qui permet au personnage joué par Tom Cruise d'entrer dans la soirée spéciale (orgie) ? Fidelio
3%
Dans cet extrait des Chiffres et des lettres, le (seul possible) mot de 9 lettres trouvé est enculages. Quel est le seul mot de 8 lettres possible commençant par N ? Nuclease
0%
Aucun quiz correspondant
Distribution des résultats
% des personnes avec chaque résultat
Percentile par nombre de réponses
Votre historique - résultats
Vous n’avez pas pris ce quiz